El biodiesel.

Conferencia de Mauro Knudsen sobre el biodiesel en la Escuela Agropecuaria de Tres Arroyos. Explicación del proyecto de combustible biodiesel y sus alcances.

Guardado en:
Formato: Deslizar
Materias:
Etiquetas: Agregar Etiqueta
Sin Etiquetas, Sea el primero en etiquetar este registro!
LEADER 00740ngm a22001935g 4500
001 CEM.cems022775
008 130507b2005##################0###0#####d
005 20241115170550.0
245 0 0 |a El biodiesel. 
300 |a 72'. 
500 |a En soporte VHS, consultar en ventanilla. 
538 |a Soporte: VHS - Norma: Pal N - Color: Si - Grabación DRD 2005 - Hitachi=4170 
520 |a Conferencia de Mauro Knudsen sobre el biodiesel en la Escuela Agropecuaria de Tres Arroyos. Explicación del proyecto de combustible biodiesel y sus alcances. 
082 5 7 |/ ORO 
653 |a BIODIESEL 
653 |a COMBUSTIBLE 
653 |a NIVEL PRIMARIO 
653 |a NIVEL SECUNDARIO 
859 |a CEMS  |b BIB. CEMS - Depto. Recursos Didacticos  |h 574  |i ORO  |k DRD  |p 1418.12  |t Ej.1